[Event "Harburg-chG 13th"]
[Site "Hamburg"]
[Date "2018.08.04"]
[Round "2"]
[White "Glaschak, Joachim"]
[Black "Kurzydym, Kevin"]
[Result "1-0"]
[WhiteElo "1433"]
[BlackElo "1519"]
[PlyCount "119"]
[EventDate "2018.08.03"]
[EventType "tourn"]
[EventRounds "5"]
[EventCountry "GER"]
[SourceTitle "EXT 2019"]
[Source "ChessBase"]
[SourceDate "2018.10.10"]
[SourceVersion "1"]
[SourceVersionDate "2018.10.10"]
[SourceQuality "1"]

1. d4 d5 2. c4 e6 3. e3 Nf6 4. a3 b6 5. b4 dxc4 6. Bxc4 Bb7 7. Nf3 Nbd7 8. 0-0 Bd6 9. Nbd2 a6 10. Re1 b5 11. Bd3 e5 12. Qc2 0-0 13. Bb2 Re8 14. e4 exd4 15. Bxd4 Ne5 16. Nxe5 Bxe5 17. Bxe5 Rxe5 18. f3 Qd6 19. Nb3 Rh5 20. g3 Nd7 21. Rad1 Qb6+ 22. Kg2 c5 23. bxc5 Nxc5 24. g4 Rg5 25. h4 Nxd3 26. Rxd3 Re5 27. Qd2 Ree8 28. Rd6 Qc7 29. Rc1 Qe7 30. Kh3 Rad8 31. Rxd8 Rxd8 32. Qb4 Qf6 33. Qc3 Qd6 34. Nc5 Bc8 35. Qe3 Qd2 36. Qxd2 Rxd2 37. Nb3 Rd8 38. Nc5 h5 39. Kg3 hxg4 40. fxg4 g6 41. Rf1 a5 42. Rb1 b4 43. axb4 axb4 44. Rxb4 Be6 45. Nxe6 fxe6 46. Rb6 Kf7 47. Kf4 Re8 48. Ke5 Re7 49. Rb8 Ra7 50. Rb5 Re7 51. Kd6 Kf8 52. Re5 Kf7 53. g5 Re8 54. Rb5 Rd8+ 55. Ke5 Re8 56. Rb1 Re7 57. Rf1+ Ke8 58. Rf6 Kd7 59. Rxg6 Rh7 60. Rh6 1-0

[Event "Harburg-chG 13th"]
[Site "Hamburg"]
[Date "2018.08.04"]
[Round "3"]
[White "Kurzydym, Kevin"]
[Black "Rennkamp, Johannes"]
[Result "1/2-1/2"]
[WhiteElo "1519"]
[BlackElo "1206"]
[PlyCount "27"]
[EventDate "2018.08.03"]
[EventType "tourn"]
[EventRounds "5"]
[EventCountry "GER"]
[SourceTitle "EXT 2019"]
[Source "ChessBase"]
[SourceDate "2018.10.10"]
[SourceVersion "1"]
[SourceVersionDate "2018.10.10"]
[SourceQuality "1"]

1. e4 c5 2. c3 Nc6 3. Nf3 e6 4. d3 Nf6 5. Bf4 Be7 6. Nbd2 0-0 7. Be2 b6 8. Nc4 d5 9. Ncd2 Bb7 10. h3 d4 11. 0-0 Bd6 12. e5 Bc7 13. c4 Nd7 14. a3 1/2-1/2